[Event "Madrid ch 2021-2022 - Previa A"]
[Site "Madrid ESP"]
[Date "2022.03.07"]
[Round "1.1"]
[White "Mora Agudo, Jose Alberto"]
[Black "Armenteros Peral, Javier"]
[Result "0-1"]
[WhiteElo "1604"]
[BlackElo "1992"]
[PlyCount "68"]
[EventDate "2022.03.07"]
[EventType "swiss"]
[EventRounds "9"]
[EventCountry "ESP"]
[SourceTitle "Ajedrez en Madrid"]
[Source "lmi"]
[SourceDate "2022.03.07"]
[SourceVersion "1"]
[SourceVersionDate "2022.04.04"]
[SourceQuality "1"]

1. d4 d5 2. Nf3 Nf6 3. c4 e6 4. Nc3 Be7 5. Bf4 O-O 6. e3 dxc4 7. Bxc4 Nbd7 8.
h3 a6 9. a4 c5 10. O-O cxd4 11. exd4 Nb6 12. Bb3 Nbd5 13. Nxd5 Nxd5 14. Bg3 b6
15. Rc1 Bb7 16. Bxd5 Qxd5 17. Qe2 Bd6 18. Bxd6 Qxd6 19. Qe5 Qb4 20. Rc7 Bxf3
21. gxf3 Qxa4 22. Kh2 Qb3 23. Rg1 g6 24. Qf6 Qd5 25. Rg5 Qd6+ 26. Qe5 Rfd8 27.
Rg4 f6 28. Qg3 Qxg3+ 29. fxg3 f5 30. Rh4 h5 31. g4 Rxd4 32. Re7 Rc8 33. Rxe6
Rc2+ 34. Kg3 f4# 0-1

[Event "Madrid ch 2021-2022 - Previa A"]
[Site "Madrid ESP"]
[Date "2022.03.07"]
[Round "1.2"]
[White "Alvarez Abejon, Amilcar"]
[Black "Martinez Miura, Enrique"]
[Result "1/2-1/2"]
[WhiteElo "1970"]
[BlackElo "1601"]
[PlyCount "107"]
[EventDate "2022.03.07"]
[EventType "swiss"]
[EventRounds "9"]
[EventCountry "ESP"]
[SourceTitle "Ajedrez en Madrid"]
[Source "lmi"]
[SourceDate "2022.03.07"]
[SourceVersion "1"]
[SourceVersionDate "2022.04.04"]
[SourceQuality "1"]

1. e4 e6 2. d4 d5 3. e5 c5 4. c3 cxd4 5. cxd4 Ne7 6. Bd3 Nec6 7. Nf3 Be7 8. O-O
O-O 9. Nc3 a6 10. Be3 Nd7 11. Rc1 f6 12. exf6 Nxf6 13. Bb1 Qd6 14. h3 b5 15.
Qd3 e5 16. dxe5 Nxe5 17. Nxe5 Qxe5 18. Bd4 Qh5 19. Rfe1 Bd6 20. Bxf6 Rxf6 21.
Qxd5+ Qxd5 22. Nxd5 Re6 23. Rxe6 Bxe6 24. Rc6 Rd8 25. Be4 Kf8 26. g4 Bxd5 27.
Bxd5 Be5 28. Bb3 Rd6 29. Rxd6 Bxd6 30. Bd5 b4 31. Kg2 Be5 32. b3 Ke7 33. Kf3
Bd4 34. Ke2 Kd6 35. Bb7 a5 36. f4 Bc3 37. Kd3 Kc5 38. Ke4 Kd6 39. Bd5 Bb2 40.
Bg8 h6 41. Kf5 Bc3 42. Kg6 Ke7 43. h4 Kf8 44. Bc4 Be1 45. h5 Bd2 46. Kf5 Ke7
47. g5 hxg5 48. fxg5 Be3 49. Kg6 Kf8 50. h6 gxh6 51. gxh6 Bd4 52. Kf5 Be3 53.
h7 Kg7 54. Ke4 1/2-1/2

[Event "Madrid ch 2021-2022 - Previa A"]
[Site "Madrid ESP"]
[Date "2022.03.07"]
[Round "1.3"]
[White "Sanchez Arriola, Ignacio"]
[Black "Gueler Berdasco, Martin"]
[Result "0-1"]
[WhiteElo "1596"]
[BlackElo "1957"]
[PlyCount "78"]
[EventDate "2022.03.07"]
[EventType "swiss"]
[EventRounds "9"]
[EventCountry "ESP"]
[SourceTitle "Ajedrez en Madrid"]
[Source "lmi"]
[SourceDate "2022.03.07"]
[SourceVersion "1"]
[SourceVersionDate "2022.04.04"]
[SourceQuality "1"]

1. d4 Nf6 2. Bf4 c5 3. c3 d5 4. e3 Nc6 5. Bd3 e6 6. Nd2 c4 7. Bc2 b5 8. a3 a5
9. e4 dxe4 10. Nxe4 Nd5 11. Bd2 Bb7 12. Ne2 Be7 13. O-O O-O 14. Nf4 e5 15. Nxd5
Qxd5 16. dxe5 Nxe5 17. f3 f5 18. Ng3 Rad8 19. Be1 Qc5+ 20. Bf2 Rxd1 21. Raxd1
Qc8 22. Rfe1 Ng6 23. Ne2 b4 24. axb4 axb4 25. Nd4 bxc3 26. bxc3 Bc5 27. Ne6
Bxf2+ 28. Kxf2 Nh4 29. Rd6 Re8 30. Ba4 Qb8 31. Rb6 Qa7 32. Bxe8 Qxb6+ 33. Nd4
Qb2+ 34. Ne2 g5 35. Rd1 g4 36. Rd8 Qb6+ 37. Rd4 gxf3 38. Nf4 Qb2+ 39. Kg3 Qxc3
0-1

[Event "Madrid ch 2021-2022 - Previa A"]
[Site "Madrid ESP"]
[Date "2022.03.07"]
[Round "1.4"]
[White "Moreno Torrero, Javier"]
[Black "Villodre Miranda, Juan Alonso"]
[Result "1-0"]
[WhiteElo "1952"]
[BlackElo "1563"]
[PlyCount "85"]
[EventDate "2022.03.07"]
[EventType "swiss"]
[EventRounds "9"]
[EventCountry "ESP"]
[SourceTitle "Ajedrez en Madrid"]
[Source "lmi"]
[SourceDate "2022.03.07"]
[SourceVersion "1"]
[SourceVersionDate "2022.04.04"]
[SourceQuality "1"]

1. d4 d5 2. c4 e6 3. Nc3 c6 4. Nf3 Nf6 5. Bg5 Be7 6. e3 Nbd7 7. Qc2 dxc4 8.
Bxc4 Nd5 9. Bxe7 Qxe7 10. O-O b6 11. e4 Nxc3 12. Qxc3 O-O 13. Rfe1 Bb7 14. d5
e5 15. dxc6 Bxc6 16. Bxf7+ Qxf7 17. Qxc6 Rfc8 18. Qd6 Rf8 19. Rad1 Nc5 20. Qd5
Rae8 21. b4 Qxd5 22. exd5 Nd7 23. d6 Re6 24. Ng5 Rg6 25. Ne4 Rf4 26. Rc1 Kf7
27. Rc7 Ke6 28. Kf1 Nf6 29. Re7+ Kd5 30. Nxf6+ Kxd6 31. Nh5 Rfg4 32. R7xe5 Rxg2
33. Ng3 Rxh2 34. Nf5+ Kd7 35. Rd1+ Kc7 36. Rc1+ Kb7 37. Re7+ Ka6 38. Rcc7 Kb5
39. a3 a5 40. Nd4+ Ka4 41. bxa5 bxa5 42. Rc4+ Kxa3 43. Re3+ 1-0

[Event "Madrid ch 2021-2022 - Previa A"]
[Site "Madrid ESP"]
[Date "2022.03.07"]
[Round "1.5"]
[White "Jolani, Parnian"]
[Black "Lopez de Turiso, Jose Angel"]
[Result "0-1"]
[WhiteElo "1553"]
[BlackElo "1935"]
[PlyCount "94"]
[EventDate "2022.03.07"]
[EventType "swiss"]
[EventRounds "9"]
[EventCountry "ESP"]
[SourceTitle "Ajedrez en Madrid"]
[Source "lmi"]
[SourceDate "2022.03.07"]
[SourceVersion "1"]
[SourceVersionDate "2022.04.04"]
[SourceQuality "1"]

1. e4 d5 2. exd5 Qxd5 3. Nc3 Qa5 4. Nf3 Nf6 5. Be2 Nc6 6. O-O Bg4 7. h3 Bh5 8.
a3 O-O-O 9. Rb1 Bxf3 10. Bxf3 Nd4 11. Re1 Qf5 12. Be4 Nxe4 13. Nxe4 e5 14. d3
Qg6 15. Be3 f5 16. Bxd4 exd4 17. Nd2 Bd6 18. Qf3 c6 19. Nc4 Bc7 20. Re7 Rd7 21.
Rbe1 Rxe7 22. Rxe7 Qg5 23. Qe2 Qf6 24. Re8+ Rxe8 25. Qxe8+ Bd8 26. Qh8 h6 27.
Qe8 Qe7 28. Qxe7 Bxe7 29. Kf1 Kc7 30. Ke2 Bg5 31. g3 b5 32. Nd2 c5 33. b3 Kc6
34. b4 cxb4 35. axb4 Be7 36. Nb3 Kd5 37. Kd1 Bxb4 38. Nc1 a5 39. Na2 Ba3 40.
Kd2 Bb2 41. f3 Kc5 42. h4 g6 43. g4 fxg4 44. fxg4 b4 45. Nc1 Bxc1+ 46. Kxc1 a4
47. Kb2 Kd5 0-1

[Event "Madrid ch 2021-2022 - Previa A"]
[Site "Madrid ESP"]
[Date "2022.03.07"]
[Round "1.6"]
[White "Marcos Herrero, Francisco"]
[Black "Aquilino Rodriguez, Virgilio"]
[Result "1/2-1/2"]
[WhiteElo "1897"]
[BlackElo "1541"]
[PlyCount "74"]
[EventDate "2022.03.07"]
[EventType "swiss"]
[EventRounds "9"]
[EventCountry "ESP"]
[SourceTitle "Ajedrez en Madrid"]
[Source "lmi"]
[SourceDate "2022.03.07"]
[SourceVersion "1"]
[SourceVersionDate "2022.04.04"]
[SourceQuality "1"]

1. c4 Nf6 2. g3 d5 3. cxd5 Nxd5 4. Bg2 g6 5. Nc3 Nxc3 6. bxc3 Bg7 7. Nf3 O-O 8.
Ba3 Re8 9. h4 Bg4 10. Qb3 Be6 11. Qxb7 Bd5 12. Qb2 Nd7 13. O-O Rb8 14. Qc2 Nf6
15. c4 Be6 16. Ne5 Qc8 17. Nc6 Bf8 18. Nxb8 Qxb8 19. Rab1 Qc8 20. Qa4 c5 21. d3
Bh3 22. Rb3 Bxg2 23. Kxg2 Qa8+ 24. Kg1 Qc8 25. Qxa7 Qh3 26. Qb7 e5 27. Qg2 Qe6
28. Rfb1 e4 29. Rb6 Qf5 30. Bb2 Nd7 31. dxe4 Rxe4 32. Rb7 Rxe2 33. Bc1 Ne5 34.
R7b3 Re1+ 35. Kh2 Ng4+ 36. Kh3 Nxf2+ 37. Kh2 Ng4+ 1/2-1/2

[Event "Madrid ch 2021-2022 - Previa A"]
[Site "Madrid ESP"]
[Date "2022.03.07"]
[Round "1.7"]
[White "Ramos Antona, Enrique"]
[Black "Esteban Amo, Jose M."]
[Result "1-0"]
[WhiteElo "1512"]
[BlackElo "1874"]
[PlyCount "85"]
[EventDate "2022.03.07"]
[EventType "swiss"]
[EventRounds "9"]
[EventCountry "ESP"]
[SourceTitle "Ajedrez en Madrid"]
[Source "lmi"]
[SourceDate "2022.03.07"]
[SourceVersion "1"]
[SourceVersionDate "2022.04.04"]
[SourceQuality "1"]

1. d4 f5 2. g3 Nf6 3. Bg2 d6 4. c4 g6 5. Nc3 Bg7 6. Nf3 O-O 7. O-O Qe8 8. Rb1
e5 9. dxe5 dxe5 10. Nd5 Na6 11. b3 c6 12. Nxf6+ Bxf6 13. Bb2 Qe7 14. Qc2 Bd7
15. a3 Rad8 16. Rfd1 Nc5 17. Nd2 Ne6 18. e3 Ng5 19. h4 Nf7 20. Nf3 c5 21. b4
cxb4 22. axb4 Bc6 23. b5 Be4 24. Qa4 Bxb1 25. Rxb1 Qc7 26. Ba3 Be7 27. Bb4 Bc5
28. Ng5 Nxg5 29. hxg5 e4 30. g4 Qe7 31. Ba5 Rd6 32. Bc3 Qxg5 33. Be5 Rdd8 34.
Rd1 Qxg4 35. Rd5 Bb6 36. Qb3 Rxd5 37. cxd5 h5 38. d6+ Kh7 39. Qd5 f4 40. Qxb7+
Kh6 41. Qg7+ Kg5 42. Qe7+ Kh6 43. Qxf8+ 1-0

[Event "Madrid ch 2021-2022 - Previa A"]
[Site "Madrid ESP"]
[Date "2022.03.07"]
[Round "1.9"]
[White "Moreno Sabroso, Ruben"]
[Black "Fernandez Garcia, Ignacio"]
[Result "1/2-1/2"]
[WhiteElo "1495"]
[BlackElo "1844"]
[PlyCount "228"]
[EventDate "2022.03.07"]
[EventType "swiss"]
[EventRounds "9"]
[EventCountry "ESP"]
[SourceTitle "Ajedrez en Madrid"]
[Source "lmi"]
[SourceDate "2022.03.07"]
[SourceVersion "1"]
[SourceVersionDate "2022.04.04"]
[SourceQuality "1"]

1. d4 d6 2. Bf4 Nf6 3. Nc3 g6 4. e4 Bg7 5. Nf3 O-O 6. Qd2 Re8 7. Bc4 c6 8. Bb3
b5 9. a3 a5 10. O-O Na6 11. e5 b4 12. exf6 bxc3 13. fxe7 Qxe7 14. bxc3 Be6 15.
Rfe1 Qd7 16. Bxe6 fxe6 17. Rab1 Rab8 18. c4 c5 19. dxc5 Rxb1 20. Rxb1 e5 21.
Be3 Qa4 22. Qd5+ Kh8 23. Ng5 Bf6 24. Qf7 Bg7 25. Rb7 Rg8 26. Qe7 h5 27. Ne6
Qxc2 28. h3 Nxc5 29. Bxc5 dxc5 30. g3 Qc1+ 31. Kg2 Qh6 32. Qxc5 Bf6 33. Qxa5
Qc1 34. Qc7 Qh6 35. Qf7 g5 36. c5 e4 37. c6 e3 38. fxe3 g4 39. h4 Be5 40. Ng5
Qxc6+ 41. e4 Qc2+ 42. Qf2 Qxf2+ 43. Kxf2 Rf8+ 44. Rf7 Kg8 45. Rxf8+ Kxf8 46.
Ne6+ Kf7 47. Nf4 Bd4+ 48. Ke2 Kf6 49. Nxh5+ Ke5 50. Nf4 Kxe4 51. h5 Kf5 52. h6
Bb2 53. h7 Kg5 54. Ke3 Kh6 55. h8=Q+ Bxh8 56. Ke4 Kg5 57. Ne6+ Kf6 58. Nd4 Ke7
59. Nf5+ Ke6 60. Kf4 Kd5 61. Kxg4 Kc4 62. Kg5 Kb3 63. Kg6 Bb2 64. g4 Kxa3 65.
Kh5 Bc1 66. Kh4 Kb4 67. Kg3 Bg5 68. Kf3 Kc5 69. Ke4 Kc6 70. Ke5 Kd7 71. Ng3 Ke7
72. Kf5 Bc1 73. Nh5 Kf7 74. Nf4 Kg7 75. g5 Bb2 76. Ne6+ Kg8 77. g6 Bc3 78. Nd8
Kg7 79. Ne6+ Kg8 80. Ng5 Kg7 81. Ne4 Bb2 82. Nd6 Bc3 83. Ne8+ Kg8 84. Ke6 Bb2
85. Kf5 Bc3 86. Nc7 Kg7 87. Nd5 Bb2 88. Nf4 Bc3 89. Nh5+ Kg8 90. Kg5 Bd2+ 91.
Nf4 Bc3 92. Nh5 Bd2+ 93. Kf5 Bc3 94. Ke6 Bb2 95. Ng3 Kg7 96. Kf5 Bc3 97. Nh5+
Kg8 98. Nf4 Bb2 99. Nd3 Bc3 100. Ne5 Kg7 101. Nf7 Bb2 102. Ng5 Kg8 103. Ke6 Kg7
104. Kf5 Kg8 105. Nf7 Kg7 106. Nd8 Bc3 107. Ne6+ Kg8 108. Ke4 Bb2 109. Kd5 Bc3
110. Kd6 Bb2 111. Kd7 Bc3 112. Ke8 Bb2 113. Ke7 Bc3 114. Nc7 Kg7 1/2-1/2

[Event "Madrid ch 2021-2022 - Previa A"]
[Site "Madrid ESP"]
[Date "2022.03.07"]
[Round "1.11"]
[White "Del Olmo Linares, Marco"]
[Black "Sotoca Aguado, Jose"]
[Result "1/2-1/2"]
[WhiteElo "1477"]
[BlackElo "1819"]
[PlyCount "117"]
[EventDate "2022.03.07"]
[EventType "swiss"]
[EventRounds "9"]
[EventCountry "ESP"]
[SourceTitle "Ajedrez en Madrid"]
[Source "lmi"]
[SourceDate "2022.03.07"]
[SourceVersion "1"]
[SourceVersionDate "2022.04.04"]
[SourceQuality "1"]

1. e4 c6 2. d4 d5 3. exd5 cxd5 4. c4 Nf6 5. cxd5 Nxd5 6. Nc3 e6 7. Nf3 Be7 8.
Bd3 Nc6 9. O-O a6 10. Re1 Nf6 11. h3 Nb4 12. Bb1 O-O 13. Bg5 Nbd5 14. Qd3 g6
15. Ne5 Kg7 16. Qd2 Ng8 17. Be3 Nxe3 18. fxe3 Bd6 19. Nc4 Bc7 20. Be4 Rb8 21.
d5 b5 22. Qd4+ f6 23. d6 bxc4 24. dxc7 Qxc7 25. Rad1 Ne7 26. Bf3 Nf5 27. Qd2
Qb6 28. Na4 Qb5 29. Qc2 e5 30. Rd5 Qb4 31. Re2 Be6 32. Rc5 Rbd8 33. Rc6 Rd6 34.
a3 Qb8 35. Nc5 Rxc6 36. Bxc6 Qd6 37. Nxe6+ Qxe6 38. Be4 Rd8 39. Bxf5 gxf5 40.
Rd2 Rxd2 41. Qxd2 Qc6 42. Kf2 Kf7 43. Qd8 Qb7 44. Kg3 Qc6 45. Qh8 f4+ 46. exf4
Qe4 47. Kh2 Qxf4+ 48. Kh1 Qf5 49. Qd8 Qf1+ 50. Kh2 Qf4+ 51. Kh1 Qd4 52. Qc7+
Kg6 53. Qc8 Kg7 54. Qc7+ Kh6 55. Qc8 Qf4 56. Qf8+ Kg6 57. Qe8+ Kh6 58. Qf8+ Kg6
59. Qe8+ 1/2-1/2

[Event "Madrid ch 2021-2022 - Previa A"]
[Site "Madrid ESP"]
[Date "2022.03.07"]
[Round "1.12"]
[White "Bolea Olivan, Jose Angel"]
[Black "Blazquez Sanz, Oscar"]
[Result "0-1"]
[WhiteElo "1810"]
[BlackElo "1464"]
[PlyCount "92"]
[EventDate "2022.03.07"]
[EventType "swiss"]
[EventRounds "9"]
[EventCountry "ESP"]
[SourceTitle "Ajedrez en Madrid"]
[Source "lmi"]
[SourceDate "2022.03.07"]
[SourceVersion "1"]
[SourceVersionDate "2022.04.04"]
[SourceQuality "1"]

1. d4 Nf6 2. c4 g6 3. Nc3 Bg7 4. Nf3 O-O 5. e4 d6 6. h3 e5 7. dxe5 dxe5 8. Qxd8
Rxd8 9. Bg5 h6 10. Bxf6 Bxf6 11. Nd5 Nd7 12. Nxc7 Rb8 13. Rd1 Nc5 14. Nd5 Kg7
15. Bd3 Be6 16. O-O b5 17. b3 bxc4 18. bxc4 Rb7 19. Bb1 Rdb8 20. Rfe1 Na4 21.
Rc1 Rc8 22. Re3 Rcb8 23. Ree1 Rc8 24. Red1 Bxd5 25. cxd5 Rxc1 26. Rxc1 Nc3 27.
Rxc3 Rxb1+ 28. Kh2 Rb2 29. Ra3 Rxf2 30. Rxa7 Kf8 31. d6 Ke8 32. Ra6 Bg5 33.
Nxg5 hxg5 34. Ra7 f6 35. Re7+ Kd8 36. a3 Rf4 37. Re6 Kd7 38. Re7+ Kxd6 39. Ra7
Rxe4 40. Ra6+ Ke7 41. a4 Re1 42. a5 Ra1 43. Ra7+ Ke6 44. a6 e4 45. Ra8 e3 46.
a7 Ke7 0-1

[Event "Madrid ch 2021-2022 - Previa A"]
[Site "Madrid ESP"]
[Date "2022.03.07"]
[Round "1.13"]
[White "Rubio Rivera, Felix"]
[Black "Carrera Cabaneros, Francisco"]
[Result "0-1"]
[WhiteElo "1460"]
[BlackElo "1805"]
[PlyCount "94"]
[EventDate "2022.03.07"]
[EventType "swiss"]
[EventRounds "9"]
[EventCountry "ESP"]
[SourceTitle "Ajedrez en Madrid"]
[Source "lmi"]
[SourceDate "2022.03.07"]
[SourceVersion "1"]
[SourceVersionDate "2022.04.04"]
[SourceQuality "1"]

1. d4 d5 2. c4 e6 3. Nf3 Nf6 4. g3 c6 5. Bg2 Be7 6. Qc2 O-O 7. O-O Nbd7 8. Nbd2
Re8 9. e4 dxe4 10. Nxe4 Nxe4 11. Qxe4 Nf6 12. Qc2 h6 13. Rd1 Bd6 14. h3 Qc7 15.
Qe2 b6 16. Ne5 Bb7 17. f4 Rad8 18. Be3 Nd7 19. Rac1 c5 20. Nxd7 Rxd7 21. Rd3
Bxg2 22. Qxg2 cxd4 23. Bf2 Bc5 24. a3 a5 25. b4 axb4 26. axb4 Bxb4 27. Rxd4
Rxd4 28. Bxd4 Bc5 29. Bxc5 Qxc5+ 30. Qf2 Rc8 31. Qxc5 Rxc5 32. Rb1 Rc6 33. Kf2
Kf8 34. Rb5 Ke7 35. Ke3 Kd6 36. Kd4 Kc7 37. c5 Rxc5 38. Rxc5+ bxc5+ 39. Kxc5
Kd7 40. Kd4 Kd6 41. g4 f6 42. h4 e5+ 43. Ke4 g6 44. h5 g5 45. f5 Kc5 46. Ke3
Kd5 47. Kd3 e4+ 0-1

[Event "Madrid ch 2021-2022 - Previa A"]
[Site "Madrid ESP"]
[Date "2022.03.07"]
[Round "1.14"]
[White "Martin Sanchez, Pablo"]
[Black "De Fuenmayor Fernandez de la , Carlos Pablo"]
[Result "0-1"]
[WhiteElo "1766"]
[BlackElo "1432"]
[PlyCount "90"]
[EventDate "2022.03.07"]
[EventType "swiss"]
[EventRounds "9"]
[EventCountry "ESP"]
[SourceTitle "Ajedrez en Madrid"]
[Source "lmi"]
[SourceDate "2022.03.07"]
[SourceVersion "1"]
[SourceVersionDate "2022.04.04"]
[SourceQuality "1"]

1. e4 e5 2. Nf3 Nc6 3. Bb5 Nf6 4. d3 Bc5 5. Bg5 h6 6. Bh4 d6 7. c3 Bd7 8. Nbd2
a6 9. Ba4 Ne7 10. Bc2 Ng6 11. Bg3 O-O 12. d4 exd4 13. cxd4 Ba7 14. O-O Nh5 15.
Re1 Nxg3 16. hxg3 Bg4 17. Nf1 Re8 18. Qd3 c5 19. dxc5 dxc5 20. Qb3 Qb6 21. Ne3
Qxb3 22. Bxb3 Rxe4 23. Bd5 Bxf3 24. gxf3 Re7 25. f4 Rae8 26. Rec1 b5 27. Bf3 c4
28. Nf5 Rc7 29. Rc2 Ne7 30. Re1 Kf8 31. Rce2 Bc5 32. g4 Bb4 33. Rxe7 Rcxe7 34.
Rxe7 Bxe7 35. Bb7 a5 36. Ne3 Bc5 37. Bc6 Bxe3 38. Bxe8 Bxf2+ 39. Kxf2 Kxe8 40.
Ke3 Ke7 41. Ke4 Ke6 42. f5+ Kd6 43. Kd4 g6 44. Ke4 gxf5+ 45. Kxf5 b4 0-1

[Event "Madrid ch 2021-2022 - Previa A"]
[Site "Madrid ESP"]
[Date "2022.03.07"]
[Round "1.15"]
[White "Sanchez Liso, Juan A"]
[Black "Lopez Heras, Arturo"]
[Result "1-0"]
[WhiteElo "1418"]
[BlackElo "1757"]
[PlyCount "59"]
[EventDate "2022.03.07"]
[EventType "swiss"]
[EventRounds "9"]
[EventCountry "ESP"]
[SourceTitle "Ajedrez en Madrid"]
[Source "lmi"]
[SourceDate "2022.03.07"]
[SourceVersion "1"]
[SourceVersionDate "2022.04.04"]
[SourceQuality "1"]

1. d4 c5 2. d5 d6 3. e4 g6 4. Nf3 Bg7 5. c3 Nf6 6. Bd3 O-O 7. h3 Nbd7 8. O-O c4
9. Bc2 Nc5 10. Re1 Nfd7 11. Na3 Nb6 12. Qe2 Bd7 13. Nxc4 Bb5 14. Nfd2 Rc8 15.
Bb3 a5 16. Qe3 Nxb3 17. axb3 Nxc4 18. bxc4 Bxc4 19. Nxc4 Rxc4 20. Qa7 b6 21.
Be3 Rxe4 22. Bxb6 Rxe1+ 23. Rxe1 Qa8 24. Qxa5 Qb7 25. Qa7 Qxd5 26. Qxe7 Be5 27.
Be3 Qe4 28. Qxf8+ Kxf8 29. Bh6+ Bg7 30. Bxg7+ 1-0

[Event "Madrid ch 2021-2022 - Previa A"]
[Site "Madrid ESP"]
[Date "2022.03.07"]
[Round "1.16"]
[White "Fernandez Rios, Jose Francisco"]
[Black "Balsera Gomez, Antonio"]
[Result "0-1"]
[WhiteElo "1753"]
[BlackElo "1414"]
[PlyCount "146"]
[EventDate "2022.03.07"]
[EventType "swiss"]
[EventRounds "9"]
[EventCountry "ESP"]
[SourceTitle "Ajedrez en Madrid"]
[Source "lmi"]
[SourceDate "2022.03.07"]
[SourceVersion "1"]
[SourceVersionDate "2022.04.04"]
[SourceQuality "1"]

1. d4 Nf6 2. c4 e6 3. Nf3 b6 4. e3 Bb7 5. Bd3 Be7 6. O-O O-O 7. Nc3 d5 8. cxd5
Nxd5 9. e4 Nxc3 10. bxc3 c5 11. Be3 Ba6 12. Bxa6 Nxa6 13. Qa4 Qc8 14. Rac1 Rd8
15. Rfd1 Qb7 16. d5 exd5 17. exd5 b5 18. Qe4 h6 19. Ne5 Bd6 20. Nc6 Re8 21. Qf3
Rac8 22. Bf4 Bxf4 23. Qxf4 Nb8 24. Ne5 Qe7 25. Nd3 Qe4 26. Qxe4 Rxe4 27. Re1
Rxe1+ 28. Rxe1 Kf8 29. Nf4 Re8 30. Rd1 Re4 31. Nd3 Nd7 32. f3 Re2 33. a4 Rc2
34. axb5 Rxc3 35. Nf4 Rb3 36. Ra1 Rxb5 37. Rxa7 Ke7 38. Ra6 c4 39. Kf2 Nc5 40.
Ra2 c3 41. Ke3 Rb2 42. Ra7+ Kd6 43. Nd3 c2 44. Nc1 Nb7 45. Kd2 Kxd5 46. Kc3 Rb6
47. Kxc2 Nd6 48. Ra5+ Kd4 49. Ra3 Nc4 50. Rd3+ Ke5 51. Nb3 Rc6 52. Rc3 Ne3+ 53.
Kd2 Rxc3 54. Kxc3 Nxg2 55. Kd3 Kf4 56. Ke2 Nh4 57. Nd2 f5 58. Kf2 g5 59. Ke2 h5
60. Kf2 Ke5 61. Nf1 Ng6 62. Ng3 Nf4 63. Nf1 h4 64. Nd2 Ne6 65. Nf1 Kf4 66. Nd2
Nd4 67. Kg2 Ke3 68. Nc4+ Kd3 69. Ne5+ Ke2 70. h3 Ke3 71. Nc4+ Kd3 72. Ne5+ Ke2
73. f4 gxf4 0-1

[Event "Madrid ch 2021-2022 - Previa A"]
[Site "Madrid ESP"]
[Date "2022.03.07"]
[Round "1.17"]
[White "Diaz Del Prado, Carlos"]
[Black "Maseda Iglesias, Luis"]
[Result "1/2-1/2"]
[WhiteElo "1375"]
[BlackElo "1735"]
[PlyCount "143"]
[EventDate "2022.03.07"]
[EventType "swiss"]
[EventRounds "9"]
[EventCountry "ESP"]
[SourceTitle "Ajedrez en Madrid"]
[Source "lmi"]
[SourceDate "2022.03.07"]
[SourceVersion "1"]
[SourceVersionDate "2022.04.04"]
[SourceQuality "1"]

1. d4 f5 2. Nf3 Nf6 3. Nbd2 e6 4. e3 Be7 5. Bd3 O-O 6. e4 d6 7. O-O Bd7 8. Re1
Qe8 9. Qe2 f4 10. e5 Nd5 11. Qe4 g6 12. c4 Nb4 13. Bb1 d5 14. cxd5 Nxd5 15. a3
Bc6 16. Qe2 Nd7 17. Nb3 N7b6 18. Bd3 Rd8 19. Bd2 Na4 20. Bc1 b5 21. Na5 Bd7 22.
Qc2 c5 23. Nb7 Rc8 24. Qd2 c4 25. Be4 c3 26. bxc3 Naxc3 27. Bb2 Nxe4 28. Rxe4
Rc7 29. Na5 Qc8 30. Rc1 Bd8 31. Nb3 Rxc1+ 32. Qxc1 Qxc1+ 33. Nxc1 a5 34. Nd3
Bb6 35. Nc5 Bc8 36. Ng5 Nc7 37. f3 h6 38. Nh3 g5 39. Nf2 Nd5 40. Re1 Ne3 41.
Rc1 Nc4 42. Rc2 Rd8 43. Kh1 Bxc5 44. dxc5 Rd5 45. a4 Nxb2 46. Rxb2 Rxc5 47. h3
b4 48. Ne4 Rc7 49. Rd2 Bb7 50. Nd6 Bd5 51. Ne8 Rc3 52. Nf6+ Kf7 53. Nxd5 exd5
54. Rxd5 Re3 55. Rxa5 b3 56. Rb5 Ke6 57. a5 Re1+ 58. Kh2 Ra1 59. a6 Rxa6 60.
Rxb3 Kxe5 61. Rc3 Kd4 62. Rb3 Re6 63. Rb8 Ke3 64. Rb3+ Kf2 65. Ra3 Re5 66. Rb3
h5 67. Rc3 h4 68. Rc2+ Ke1 69. Ra2 Kf1 70. Rb2 Re2 71. Rb1+ Re1 72. Rb2 1/2-1/2

[Event "Madrid ch 2021-2022 - Previa A"]
[Site "Madrid ESP"]
[Date "2022.03.07"]
[Round "1.18"]
[White "Guardiola Sevilla, Antonio"]
[Black "Fuentenebro Cediel, Alberto"]
[Result "0-1"]
[WhiteElo "1733"]
[BlackElo "1328"]
[PlyCount "92"]
[EventDate "2022.03.07"]
[EventType "swiss"]
[EventRounds "9"]
[EventCountry "ESP"]
[SourceTitle "Ajedrez en Madrid"]
[Source "lmi"]
[SourceDate "2022.03.07"]
[SourceVersion "1"]
[SourceVersionDate "2022.04.04"]
[SourceQuality "1"]

1. e4 e5 2. Nf3 Nc6 3. Bb5 a6 4. Ba4 Nf6 5. d3 Bc5 6. O-O d6 7. c3 b5 8. Bc2
Bb7 9. h3 h6 10. Re1 O-O 11. Be3 Bxe3 12. Rxe3 d5 13. Nbd2 Re8 14. Qe1 Nh5 15.
Nb3 d4 16. Re2 Nf4 17. Rd2 Qf6 18. Kh2 Bc8 19. Ng1 Qg5 20. f3 Re6 21. g3 Nh5
22. Rg2 Rg6 23. Qe2 Qe7 24. Rf1 a5 25. f4 a4 26. Nc1 exf4 27. gxf4 Rxg2+ 28.
Qxg2 Ra6 29. Bd1 Nf6 30. Bf3 dxc3 31. bxc3 Qc5 32. Qd2 b4 33. Nge2 bxc3 34.
Qxc3 Qxc3 35. Nxc3 Nd4 36. N1e2 Nxf3+ 37. Rxf3 Bd7 38. Kg2 Rb6 39. Kf2 Rb2 40.
f5 c5 41. Ke3 a3 42. d4 cxd4+ 43. Nxd4 Nh7 44. h4 Nf6 45. e5 Ng4+ 46. Kd3 Nxe5+
0-1

[Event "Madrid ch 2021-2022 - Previa A"]
[Site "Madrid ESP"]
[Date "2022.03.07"]
[Round "1.19"]
[White "Gomez Ramirez, Jorge"]
[Black "Hernandez Gutierrez, Jose"]
[Result "1/2-1/2"]
[WhiteElo "1251"]
[BlackElo "1732"]
[PlyCount "116"]
[EventDate "2022.03.07"]
[EventType "swiss"]
[EventRounds "9"]
[EventCountry "ESP"]
[SourceTitle "Ajedrez en Madrid"]
[Source "lmi"]
[SourceDate "2022.03.07"]
[SourceVersion "1"]
[SourceVersionDate "2022.04.04"]
[SourceQuality "1"]

1. d4 d5 2. c4 c6 3. Nc3 Nf6 4. Nf3 e6 5. e3 Be7 6. Bd3 O-O 7. O-O dxc4 8. Bxc4
b5 9. Bd3 a6 10. Ne4 Nbd7 11. Qc2 Qb6 12. Nxf6+ Nxf6 13. e4 h6 14. h3 c5 15.
dxc5 Bxc5 16. Re1 Bb7 17. Be3 Rac8 18. Bxc5 Rxc5 19. Qe2 Rfc8 20. Qe3 Qd8 21.
Rad1 Qe7 22. Nd2 R5c7 23. Nb3 Qb4 24. f3 Nd7 25. Rc1 Nc5 26. Nxc5 Rxc5 27. Rxc5
Qxc5 28. Qxc5 Rxc5 29. Re2 e5 30. b4 Rc3 31. Rd2 Kf8 32. Kf2 Ke7 33. g3 g5 34.
Ke2 Bc8 35. h4 Be6 36. Bb1 Bc4+ 37. Kf2 Rc1 38. Bd3 Bxd3 39. Rxd3 Rc2+ 40. Ke3
Rxa2 41. hxg5 hxg5 42. f4 f6 43. fxg5 fxg5 44. Kf3 Rb2 45. Ra3 Rxb4 46. Rxa6
g4+ 47. Kxg4 Rxe4+ 48. Kf5 Re1 49. g4 b4 50. Rb6 Rb1 51. Kxe5 Re1+ 52. Kf5 Rb1
53. Kg6 b3 54. g5 b2 55. Kg7 Ke8 56. g6 Ke7 57. Rb7+ Ke8 58. Kg8 Rg1 1/2-1/2